| 000 | 02064cam a22004094a 4500 | ||
|---|---|---|---|
| 001 | 14207920 | ||
| 005 | 20070725085207.0 | ||
| 008 | 051222s2006 enka b 001 0 eng | ||
| 010 | _a2005037370 | ||
| 015 |
_aGBA674434 _2bnb |
||
| 016 | 7 |
_a013541561 _2Uk |
|
| 020 | _a0521861683 (hardback) | ||
| 020 | _a9780521861687 | ||
| 020 | _a9780521063760 (paperback) | ||
| 035 | _a(OCoLC)ocm62872456 | ||
| 035 | _a(OCoLC)62872456 | ||
| 040 |
_aDLC _cDLC _dBAKER _dUKM _dC#P _dYDXCP _dOCLCQ _dDLC |
||
| 042 | _apcc | ||
| 050 | 0 | 0 |
_aJF128 _b.L88 2006 |
| 082 | 0 | 0 |
_a342.02 _222 _bLUT |
| 100 | 1 | _aLutz, Donald S. | |
| 245 | 1 | 0 |
_aPrinciples of Constitutional Design / _cDonald S. Lutz. |
| 260 |
_aCambridge ; _aNew York : _bCambridge University Press, _cc2006. |
||
| 300 |
_axiv, 261 p. : _bill. ; _c24 cm. |
||
| 504 | _aIncludes bibliographical references and index. | ||
| 505 | 0 | _aConstitutionalism : an initial overview and introduction -- Sovereignty -- Popular sovereignty -- The separation of powers -- Analyzing the interaction between popular control and the separation of powers in the amendment process -- Matching a government to a people -- An overview of the constitutional design project -- An underlying constitutional logic : rational actors? | |
| 650 | 0 | _aConstitutions. | |
| 650 | 0 | _aComparative government. | |
| 650 | 0 | _aSeparation of powers. | |
| 650 | 0 | _aSovereignty. | |
| 856 | 4 | 1 |
_3Table of contents only _uhttp://www.loc.gov/catdir/toc/ecip066/2005037370.html |
| 856 | 4 | 2 |
_3Publisher description _uhttp://www.loc.gov/catdir/enhancements/fy0633/2005037370-d.html |
| 856 | 4 | 2 |
_3Contributor biographical information _uhttp://www.loc.gov/catdir/enhancements/fy0733/2005037370-b.html |
| 942 |
_2ddc _cBB |
||
| 999 |
_c10948 _d10948 |
||